Normal view
MARC view
- Shah, Syed Hassan Ahmed
Entry Personal Name
001 - CONTROL NUMBER
- control field: 120292
003 - CONTROL NUMBER IDENTIFIER
- control field: NUST
005 - DATE AND TIME OF LATEST TRANSACTION
- control field: 20240212154655.0
008 - FIXED-LENGTH DATA ELEMENTS
- fixed length control field: 240212|| aca||aabn | a|a d
040 ## - CATALOGING SOURCE
- Original cataloging agency: NUST
- Transcribing agency: NUST
100 ## - HEADING--PERSONAL NAME
- Personal name: Shah, Syed Hassan Ahmed
670 ## - SOURCE DATA FOUND
- Source citation: Work cat.: (NUST): Shah, Syed Hassan Ahmed, Optimal wireless power transfer to hybrid energy storage system for electric vehicles: A comparative analysis of machine learning-based model-free controllers/
